Science Quiz

Random Science Quiz

Freshwater Game Fish (hard) Quiz Stats

 Plays Quiz not verified by Sporcle

Score 0/50 Timer 20:00
0 Plays Today
% Correct
Black Crappie
78.3%
Smallmouth Bass
62.9%
Rainbow Trout
58.7%
Largemouth Bass
58.7%
Striped Bass
55.2%
Walleye
53.1%
Lake Trout
51%
Cutthroat Trout
49.7%
White Bass
49.7%
Chain Pickerel
47.6%
Atlantic Salmon
46.9%
Yellow Perch
46.9%
Brook Trout
46.2%
White Crappie
44.8%
King Salmon
44.1%
Spotted Bass
42.7%
Brown Trout
42%
Pumpkinseed
40.6%
Arctic Char
39.9%
Rock Bass
39.9%
Green Sunfish
37.8%
Kokanee Salmon
37.8%
Bluegill
35.7%
Sauger
33.6%
Tiger Muskie
32.9%
% Correct
Apache Trout
31.5%
Chum Salmon
31.5%
Redbreast Sunfish
29.4%
Grass Pickerel
28.7%
Tiger Trout
28.7%
Pink Salmon
27.3%
Longear Sunfish
26.6%
Arctic Grayling
24.5%
Wiper
23.8%
Redfin Pickerel
23.1%
Yellow Bass
23.1%
Golden Trout
22.4%
Warmouth
21.7%
Flier
18.9%
Splake
18.9%
Dollar Sunfish
18.2%
Mountain Whitefish
18.2%
Redspotted Sunfish
18.2%
Ozark Bass
14.7%
Sacramento Perch
14.7%
Bull Trout
14.7%
Spotted Sunfish
13.3%
Northern Sunfish
12.6%
Alabama Bass
11.9%
Shadow Bass
10.5%

You're not logged in!

Compare scores with friends on all Sporcle quizzes.
OR
Log In

Show Comments

Extras

Created Feb 7, 2016ReportNominate
Tags:fish, fishing

Top Quizzes Today


Score Distribution

Your Account Isn't Verified!

In order to create a playlist on Sporcle, you need to verify the email address you used during registration. Go to your Sporcle Settings to finish the process.

Report this User

Report this user for behavior that violates our Community Guidelines.

Details: